Statistics for Countries With The Most Deaths in WWII

Click here to take the quiz!

General Stats

  • This quiz has been taken 1,247 times
    (1,059 since last reset)
  • The average score is 14 of 19

Answer Stats

Deaths (Thousands)Country% Correct
4 440 to 5 318Germany
98%
470United Kingdom
97%
407United States
97%
210France
95%
2 100 to 2 300Japan
94%
329 to 341Italy
93%
8 688 to 11 400Soviet Union
92%
3 000 to 3 750China
91%
240Poland
90%
42Canada
80%
39Australia
74%
35 to 46Greece
69%
300Yugoslavia
67%
200Hungary
65%
300 to 446Romania
65%
94Finland
60%
35Czechoslovakia
48%
30Albania
28%
34Estonia
24%

Score Distribution

Percentile by Number Answered

Percent of People with Each Score

Your Score History

You have not taken this quiz since the last reset